[Event "Oberschwaben-chB"]
[Site "Markdorf"]
[Date "2009.05.22"]
[Round "4.10"]
[White "Funk, Markus"]
[Black "Nuber, Reinhard"]
[Result "0-1"]
[WhiteElo "1649"]
[BlackElo "1752"]
[PlyCount "80"]
[EventDate "2009.??.??"]

1. c4 Nf6 2. d4 c5 3. d5 b5 4. cxb5 a6 5. bxa6 Bxa6 6. Nc3 d6 7. Nf3 g6 8. g3
Bg7 9. Bg2 O-O 10. O-O Nbd7 11. Re1 Qb6 12. e4 Ng4 13. Bh3 Nde5 14. Bxg4 Nxg4
15. Qc2 Rfb8 16. b3 c4 17. Be3 Nxe3 18. Rxe3 cxb3 19. axb3 Qxb3 20. Qxb3 Rxb3
21. Rc1 Rc8 22. Ne2 Rxc1+ 23. Nxc1 Rxe3 24. fxe3 Bc3 25. Kf2 Kg7 26. Ne2 Ba5
27. e5 Bc4 28. exd6 exd6 29. e4 Bb6+ 30. Ned4 Kf6 31. Ke3 h6 32. h4 g5 33.
hxg5+ hxg5 34. g4 Bf1 35. Kf2 Ba6 36. Kg3 Bd3 37. e5+ dxe5 38. Nc6 Bc7 39. Kf2
e4 40. Nb4 Bd6 0-1

[Event "Oberschwaben-chB"]
[Site "Markdorf"]
[Date "2009.05.22"]
[Round "4.11"]
[White "Eizenhöfer, Rudolf"]
[Black "Baron, Sven"]
[Result "0-1"]
[WhiteElo "1555"]
[BlackElo "1688"]
[PlyCount "50"]
[EventDate "2009.??.??"]

1. e4 e6 2. d4 d5 3. exd5 exd5 4. Nf3 Bd6 5. Be2 Nc6 6. c3 Nge7 7. Bg5 f6 8.
Bh4 Bg4 9. O-O Qd7 10. Bg3 O-O-O 11. Bxd6 Qxd6 12. b4 Ng6 13. b5 Nce7 14. Nfd2
Bf5 15. a4 Nf4 16. Bg4 Qd7 17. Bxf5 Qxf5 18. a5 Qg5 19. Qf3 Nf5 20. Re1 Nh4 21.
Qg3 Rhe8 22. Rxe8 Rxe8 23. Kf1 Nd3 24. Nf3 Qc1+ 25. Ne1 Qxe1# 0-1

[Event "Oberschwaben-chB"]
[Site "Markdorf"]
[Date "2009.05.22"]
[Round "4.12"]
[White "Schleiffer, Helmut"]
[Black "Rauscher, Benjamin"]
[Result "0-1"]
[WhiteElo "1867"]
[BlackElo "1571"]
[PlyCount "74"]
[EventDate "2009.??.??"]

1. e4 c5 2. c3 b6 3. Nf3 Bb7 4. d3 e6 5. e5 Ne7 6. Bg5 Qc7 7. Nbd2 Ng6 8. d4 h6
9. Be3 Be7 10. Bd3 O-O 11. Rc1 d6 12. exd6 Bxd6 13. Be4 Nd7 14. Qc2 Nf4 15.
Bxf4 Bxf4 16. g3 Bd6 17. Bxb7 Qxb7 18. Qe4 Qc7 19. O-O Nf6 20. Qe2 Rac8 21. Nc4
Be7 22. Nce5 Qb7 23. Rfe1 cxd4 24. Nxd4 Nd5 25. Rcd1 Bf6 26. Ng4 Be7 27. Nxe6
Rfe8 28. Nxg7 Kxg7 29. Qe5+ Nf6 30. Rd6 Bd8 31. Qxe8 Nxe8 32. Rxe8 Be7 33. Rxc8
Qxc8 34. Rd4 Qe6 35. Ra4 a5 36. h3 Qe2 37. b4 Qd1+ 0-1

[Event "Oberschwaben-chB"]
[Site "Markdorf"]
[Date "2009.05.22"]
[Round "4.13"]
[White "Baur, Helmut"]
[Black "Krämer, Markus"]
[Result "1/2-1/2"]
[WhiteElo "1661"]
[BlackElo "1863"]
[PlyCount "41"]
[EventDate "2009.??.??"]

1. d4 Nf6 2. Bg5 d5 3. Bxf6 gxf6 4. g3 Bf5 5. Bg2 c6 6. e3 Bg7 7. Ne2 Qd6 8.
Nd2 Na6 9. a3 e6 10. O-O Nc7 11. c4 Bg6 12. Nf4 O-O 13. Nxg6 fxg6 14. cxd5 exd5
15. b4 a6 16. Nb3 Rac8 17. Qd3 b5 18. Rac1 Ne6 19. Rc3 Rc7 20. Rfc1 Rfc8 21.
Na5 1/2-1/2

[Event "Oberschwaben-chB"]
[Site "Markdorf"]
[Date "2009.05.22"]
[Round "4.14"]
[White "Gräber, Gero"]
[Black "Hörsch, Florian"]
[Result "0-1"]
[WhiteElo "1682"]
[BlackElo "1535"]
[PlyCount "122"]
[EventDate "2009.??.??"]

1. e4 c5 2. Nf3 Nc6 3. d4 cxd4 4. Nxd4 g6 5. Be3 Nf6 6. Nc3 Bg7 7. Bc4 O-O 8.
O-O d6 9. f3 Ne5 10. Bb3 Bd7 11. Qd2 Rc8 12. Rad1 Nc4 13. Bxc4 Rxc4 14. b3 Rc8
15. Nce2 e5 16. c4 exd4 17. Qxd4 Ng4 18. Qd2 Nxe3 19. Qxe3 Qb6 20. Qxb6 axb6
21. Rxd6 Bc6 22. Rfd1 Be5 23. R6d3 Bf6 24. Nf4 Rfd8 25. Nd5 Bxd5 26. exd5 Kf8
27. Kf2 Rd7 28. g3 Re8 29. h4 Rde7 30. R1d2 Be5 31. f4 Bd6 32. Rc2 Bc5+ 33. Kf3
Re3+ 34. Rxe3 Rxe3+ 35. Kg2 Rd3 36. Re2 Bb4 37. Kf2 Rd2 38. Rxd2 Bxd2 39. Kf3
Ke7 40. g4 h6 41. Ke4 f6 42. f5 g5 43. hxg5 hxg5 44. Kd4 Kd6 45. Kd3 Bb4 46.
Kd4 Ba3 47. Kc3 Kc5 48. Kd3 Bb2 49. b4+ Kd6 50. a4 Ke5 51. Kc2 Ba1 52. Kd3 Bb2
53. Kc2 Bd4 54. Kd3 Bf2 55. Ke2 Bg3 56. Kd3 Bf4 57. b5 Bg3 58. Ke3 Bh2 59. Kd3
Bf4 60. Kc2 Kd4 61. Kb3 Bd6 0-1

[Event "Oberschwaben-chB"]
[Site "Markdorf"]
[Date "2009.05.22"]
[Round "4.15"]
[White "Özdemir, Murat"]
[Black "Engler, Gunter"]
[Result "1/2-1/2"]
[WhiteElo "1596"]
[BlackElo "1667"]
[PlyCount "96"]
[EventDate "2009.??.??"]

1. d4 d5 2. Nf3 Nf6 3. c4 c6 4. e3 Bf5 5. Bd3 Bxd3 6. Qxd3 e6 7. Nc3 Nbd7 8. b3
Bd6 9. O-O O-O 10. a3 Re8 11. Re1 h6 12. e4 dxe4 13. Nxe4 Nxe4 14. Qxe4 Nf6 15.
Qd3 Qc7 16. Bb2 Be7 17. Rad1 Rad8 18. Ne5 c5 19. Qe3 b6 20. a4 cxd4 21. Bxd4
Bb4 22. Bc3 Bxc3 23. Qxc3 Ne4 24. Qa1 Nc5 25. b4 Rxd1 26. Rxd1 f6 27. bxc5 fxe5
28. cxb6 axb6 29. Qc3 Rc8 30. Rc1 Qc5 31. Kf1 Rd8 32. Qb3 Rd2 33. Qe3 Rd4 34.
Qe2 Qd6 35. f3 Rd2 36. Qe3 Rd1+ 37. Ke2 Rd4 38. g3 Kf7 39. Qc3 Qc5 40. Qb3 Qd6
41. Rd1 Ke7 42. Rxd4 exd4 43. f4 Qc6 44. Kf2 Qh1 45. h4 Qe4 46. Qb4+ Kf7 47.
Qd2 Ke7 48. Qb4+ Kf7 1/2-1/2

[Event "Oberschwaben-chB"]
[Site "Markdorf"]
[Date "2009.05.29"]
[Round "4.16"]
[White "Kitzelmann, Stefan"]
[Black "Kolas, Matija"]
[Result "1-0"]
[WhiteElo "1335"]
[BlackElo "1661"]
[PlyCount "137"]
[EventDate "2009.??.??"]

1. d4 d5 2. c4 e6 3. Nf3 c6 4. e3 f5 5. Nc3 Nf6 6. Bd3 Bd6 7. O-O O-O 8. b3 Ne4
9. Bd2 Nd7 10. c5 Bc7 11. b4 a6 12. a4 Qf6 13. Qe2 g5 14. Rab1 g4 15. Ne1 Qh6
16. f4 gxf3 17. Nxf3 Rf7 18. g3 Rg7 19. Bxe4 fxe4 20. Ne1 Nf6 21. Qf2 Rg6 22.
Ne2 Bd7 23. Nf4 Ng4 24. Qg2 Rg7 25. h3 Bxf4 26. Rxf4 Nf6 27. g4 Rf8 28. Nc2 Qg5
29. Rbf1 Rff7 30. Qh2 h5 31. h4 Qg6 32. g5 Ng4 33. Qg3 Rf5 34. Rxf5 exf5 35.
Qb8+ Kh7 36. Qxb7 Qe6 37. Qxa6 Nh6 38. b5 f4 39. Rxf4 Qh3 40. bxc6 Qg3+ 41. Kf1
Bh3+ 42. Ke2 Bg4+ 43. Rxg4 Qxg4+ 44. Ke1 Qg1+ 45. Qf1 Qg3+ 46. Qf2 Qxf2+ 47.
Kxf2 Nf5 48. Nb4 Nxh4 49. Nxd5 Rxg5 50. Nf6+ Kh6 51. Nxe4 Rg2+ 52. Kf1 Rg8 53.
Nd6 Nf3 54. e4+ Nxd2+ 55. Kf2 Nb3 56. c7 Nxd4 57. c8=Q Rxc8 58. Nxc8 Ne6 59. c6
Kg5 60. Ne7 Kf4 61. Nd5+ Kxe4 62. c7 Nxc7 63. Nxc7 Kd4 64. Na6 Kd5 65. Nb4+ Kc5
66. a5 h4 67. a6 Kb6 68. Kg2 Ka7 69. Kh3 1-0

[Event "Oberschwaben-chB"]
[Site "Markdorf"]
[Date "2009.05.22"]
[Round "4.17"]
[White "Heinrich, Ernst"]
[Black "Neher, Georg"]
[Result "1-0"]
[WhiteElo "1706"]
[BlackElo "1500"]
[PlyCount "59"]
[EventDate "2009.??.??"]

1. e4 g6 2. d4 Bg7 3. Nc3 d6 4. Nf3 a6 5. Be2 b5 6. a3 Nd7 7. Be3 c5 8. Qd2 Bb7
9. d5 Ngf6 10. Qd3 O-O 11. O-O Qc7 12. Bf4 Nh5 13. Bd2 Nhf6 14. h3 Rfe8 15. Bf4
Nb6 16. Qe3 Rad8 17. Rad1 e6 18. dxe6 Rxe6 19. Ng5 Re7 20. Qg3 Red7 21. e5 Nh5
22. Bxh5 gxh5 23. exd6 Qc6 24. Nge4 Kh8 25. f3 b4 26. Ne2 Bxb2 27. axb4 cxb4
28. c3 Nd5 29. Rxd5 Qxd5 30. Be5+ 1-0

[Event "Oberschwaben-chB"]
[Site "Markdorf"]
[Date "2009.05.22"]
[Round "4.18"]
[White "Ebel, Klaus"]
[Black "Montgomery, Mike"]
[Result "0-1"]
[WhiteElo "1400"]
[BlackElo "1735"]
[PlyCount "24"]
[EventDate "2009.??.??"]

1. d4 c5 2. d5 e5 3. c4 d6 4. Nc3 f5 5. g3 Nf6 6. Bg5 Be7 7. e3 Nxd5 8. cxd5
Bxg5 9. Nge2 O-O 10. f4 exf4 11. exf4 Bf6 12. Qc2 Bd7 {
Aufgrund fehlender Züge kann die Partie nicht rekonstruiert werden.} 0-1

[Event "Oberschwaben-chB"]
[Site "Markdorf"]
[Date "2009.05.22"]
[Round "4.18"]
[White "Gräber, Gordian"]
[Black "Goda, Frederic"]
[Result "0-1"]
[WhiteElo "1492"]
[BlackElo "1657"]
[PlyCount "104"]
[EventDate "2009.??.??"]

1. e4 c5 2. Bc4 d6 3. Nc3 Nc6 4. d3 Nf6 5. h3 a6 6. a3 e6 7. Nf3 b5 8. Ba2 Be7
9. O-O O-O 10. Be3 Bb7 11. Nh2 d5 12. Bg5 d4 13. Ne2 h6 14. Bxf6 Bxf6 15. Ng4
h5 16. Nxf6+ Qxf6 17. f4 Ne7 18. Qd2 Qh6 19. Rad1 f5 20. c3 fxe4 21. dxe4 Bxe4
22. cxd4 c4 23. Bb1 Bxb1 24. Rxb1 Rad8 25. Rbd1 Nd5 26. Rf3 h4 27. Rdf1 e5 28.
dxe5 Nxf4 29. Qe1 Nd3 30. Qc3 Rxf3 31. Rxf3 Qb6+ 32. Kh2 Rf8 33. Rxf8+ Kxf8 34.
b3 Qf2 35. Qd2 Qf5 36. bxc4 Qxe5+ 37. Kg1 bxc4 38. Qc2 Qc5+ 39. Kh2 Nf2 40. Nf4
Kg8 41. Qe2 c3 42. Qe8+ Qf8 43. Qe6+ Qf7 44. Qc8+ Kh7 45. Ne6 Qf6 46. Nf8+ Kh6
47. Qb8 Nd3 48. Qb1 Qf4+ 49. Kg1 Qf2+ 50. Kh2 Qg3+ 51. Kg1 Qe1+ 52. Qxe1 Nxe1
0-1

[Event "Oberschwaben-chB"]
[Site "Markdorf"]
[Date "2009.05.22"]
[Round "4.20"]
[White "Kromer, Thomas"]
[Black "Grasmik, Johann"]
[Result "1-0"]
[WhiteElo "1640"]
[BlackElo "1511"]
[PlyCount "61"]
[EventDate "2009.??.??"]

1. e4 c5 2. Nc3 d6 3. Bc4 Nf6 4. d3 e6 5. Bg5 Be7 6. Nf3 O-O 7. Qd2 a6 8. a4
Nc6 9. O-O Ng4 10. Bxe7 Qxe7 11. Rae1 Nge5 12. Nxe5 Nxe5 13. Ba2 Rb8 14. f4 Nc6
15. Ne2 b5 16. axb5 axb5 17. c3 b4 18. Bb1 Qb7 19. f5 f6 20. fxe6 Bxe6 21. Nf4
Qd7 22. d4 cxd4 23. cxd4 Bc4 24. Rf3 Qa7 25. Rd1 Rfd8 26. Kh1 d5 27. exd5 Bxd5
28. Nxd5 Rxd5 29. Qc2 Nxd4 30. Qxh7+ Kf8 31. Qh8+ 1-0

[Event "Oberschwaben-chB"]
[Site "Markdorf"]
[Date "2009.05.22"]
[Round "4.21"]
[White "Holzer, Daniel"]
[Black "Pohl, Manfred"]
[Result "0-1"]
[WhiteElo "1229"]
[BlackElo "1607"]
[PlyCount "64"]
[EventDate "2009.??.??"]

1. d4 c5 2. dxc5 Qa5+ 3. Nc3 Qxc5 4. e4 Nf6 5. Be3 Qa5 6. Bd3 Nc6 7. a3 a6 8.
b4 Qc7 9. Nf3 Nxb4 10. axb4 Qxc3+ 11. Bd2 Qc7 12. O-O e6 13. c3 b6 14. Qe2 Qb7
15. c4 d6 16. Bg5 Be7 17. Bxf6 Bxf6 18. e5 dxe5 19. Be4 Qa7 20. Bxa8 Qxa8 21.
Nxe5 Bb7 22. f3 O-O 23. Nd7 Bxa1 24. Nxf8 Bd4+ 25. Kh1 Qxf8 26. Rd1 e5 27. f4
f6 28. fxe5 fxe5 29. Rf1 Qxb4 30. Qa2 Qb2 31. Qxb2 Bxb2 32. Rf2 Bd4 0-1

[Event "Oberschwaben-chB"]
[Site "Markdorf"]
[Date "2009.05.22"]
[Round "4.22"]
[White "Thyron, Franz"]
[Black "Längl, Josef"]
[Result "1-0"]
[WhiteElo "1581"]
[BlackElo "1148"]
[PlyCount "119"]
[EventDate "2009.??.??"]

1. d4 d5 2. e3 Nc6 3. Nf3 Bg4 4. Be2 Nf6 5. h3 Bh5 6. Nbd2 e6 7. a3 Be7 8. O-O
h6 9. Re1 O-O 10. Bb5 Qd6 11. Be2 a6 12. b4 b5 13. Bb2 Bg6 14. Bd3 Ne4 15. Nb3
f5 16. Nc5 Bh5 17. Be2 f4 18. Nb7 Qd7 19. Nc5 Qc8 20. Nxe4 dxe4 21. Ne5 Nxe5
22. Bxh5 Nd7 23. exf4 Rxf4 24. Bc1 Rf5 25. Bg4 Rf6 26. Rxe4 Nf8 27. Qe2 Qd7 28.
Bb2 Qd5 29. Re5 Qd6 30. Re1 Re8 31. Bxe6+ Kh8 32. Bg4 Ng6 33. Re6 Rxe6 34. Qxe6
Qxe6 35. Rxe6 Nf4 36. Re4 Nd5 37. Be6 Nf6 38. Re3 Bd6 39. d5 Nh5 40. g3 Nf6 41.
Rf3 Rf8 42. Kf1 Ne4 43. Rxf8+ Bxf8 44. Bc8 Nd2+ 45. Ke2 Nc4 46. Bc1 a5 47. bxa5
Nxa5 48. Bd7 b4 49. a4 b3 50. cxb3 Nxb3 51. Be3 Bc5 52. Kd3 Bxe3 53. Kxe3 Nc5
54. Bc6 Na6 55. Kd4 Kg8 56. Bb7 Nb8 57. a5 Nd7 58. Bc8 Nb8 59. a6 c6 60. a7 1-0

[Event "Oberschwaben-chB"]
[Site "Markdorf"]
[Date "2009.05.22"]
[Round "4.23"]
[White "Zielke, Reinhard"]
[Black "Schmollinger, Jonathan"]
[Result "1/2-1/2"]
[WhiteElo "1526"]
[BlackElo "960"]
[PlyCount "82"]
[EventDate "2009.??.??"]

1. d4 e5 2. dxe5 Nc6 3. Nf3 Qe7 4. Nbd2 Nxe5 5. Nxe5 Qxe5 6. Nf3 Qa5+ 7. c3 Nf6
8. e3 c6 9. Be2 d5 10. O-O Bf5 11. h3 Qc7 12. b3 Bd6 13. Bb2 Rd8 14. Qc1 O-O
15. c4 Be7 16. Rd1 dxc4 17. Qxc4 Be4 18. Be5 Qc8 19. Rxd8 Rxd8 20. Rd1 Bd5 21.
Qf4 h6 22. Nd4 g5 23. Qh2 Ne4 24. Bg4 Be6 25. Bxe6 Qxe6 26. f3 Rxd4 27. Bxd4
Bd6 28. f4 Nc3 29. Rd2 Ne4 30. Re2 c5 31. Bb2 Nd2 32. Be5 Bxe5 33. fxe5 Ne4 34.
g4 Qd5 35. Re1 Nd2 36. Qh1 Qxe5 37. Qg2 Qc3 38. Re2 Qc1+ 39. Kh2 Nf1+ 40. Kh1
Ng3+ 41. Kh2 Nf1+ 1/2-1/2

[Event "Oberschwaben-chB"]
[Site "Markdorf"]
[Date "2009.05.22"]
[Round "4.24"]
[White "Herpich, Tristan"]
[Black "Benkö, Jakob"]
[Result "1/2-1/2"]
[WhiteElo "800"]
[BlackElo "879"]
[PlyCount "36"]
[EventDate "2009.??.??"]

1. d4 d5 2. e3 Nc6 3. c4 Nf6 4. Nc3 Bg4 5. Be2 Bxe2 6. Ngxe2 e6 7. O-O Bb4 8.
c5 O-O 9. Bd2 e5 10. a3 Bxc3 11. Bxc3 e4 12. Nf4 b6 13. Bb4 a5 14. Bc3 Ne7 15.
cxb6 cxb6 16. b4 Nc6 17. Rb1 axb4 18. axb4 b5 1/2-1/2

[Event "Oberschwaben-chB"]
[Site "Markdorf"]
[Date "2009.05.23"]
[Round "5.1"]
[White "Starcevic, Bozo"]
[Black "Zeller, Roman"]
[Result "0-1"]
[WhiteElo "1784"]
[BlackElo "1828"]
[PlyCount "71"]
[EventDate "2009.??.??"]
[WhiteTeam "SC Tettnang"]
[BlackTeam "SV Friedrichshafen"]

1. d4 Nf6 2. c4 e6 3. Nc3 d5 4. Bg5 Be7 5. Nf3 c6 6. e3 Nbd7 7. Rc1 O-O 8. Bd3
dxc4 9. Bxc4 b5 10. Bb3 Bb7 11. O-O a6 12. a3 c5 13. Qe2 Ne4 14. Nxe4 Bxe4 15.
Bxe7 Qxe7 16. Nd2 Bg6 17. d5 c4 18. Bc2 Bxc2 19. Rxc2 exd5 20. Nf3 Nc5 21. Nd4
Nd3 22. Qh5 Qe4 23. Rd2 f5 24. Nf3 h6 25. Qg6 Rf6 26. Qg3 Raf8 27. Qc7 R8f7 28.
Qb8+ Kh7 29. h4 f4 30. exf4 Rxf4 31. Qd6 Rg4 32. Qg3 Rxg3 33. fxg3 Qe3+ 34.
Rff2 Nxf2 35. Rxf2 d4 36. Kf1 0-1

[Event "Oberschwaben-chB"]
[Site "Markdorf"]
[Date "2009.05.23"]
[Round "5.2"]
[White "Heil, Marina"]
[Black "Oestreicher, Hans-Ulrich"]
[Result "0-1"]
[WhiteElo "1754"]
[BlackElo "1982"]
[PlyCount "70"]
[EventDate "2009.??.??"]
[WhiteTeam "SF Wetzisreute"]
[BlackTeam "SK Markdorf"]

1. e4 c6 2. d3 d5 3. Nd2 e5 4. Ngf3 Bd6 5. g3 Nf6 6. Bg2 dxe4 7. dxe4 O-O 8.
O-O Bg4 9. h3 Be6 10. Re1 Qc7 11. Ng5 Qe7 12. Nxe6 Qxe6 13. Nc4 Bb4 14. Nd2
Nbd7 15. c3 Bc5 16. Qb3 Qxb3 17. axb3 a6 18. b4 Bb6 19. Nc4 Bc7 20. Na5 Rab8
21. Be3 Bxa5 22. Rxa5 Rfe8 23. Raa1 Rbc8 24. g4 c5 25. g5 Nh5 26. Red1 Nf8 27.
bxc5 Ne6 28. Rd7 Rb8 29. b4 Nhf4 30. h4 Ne2+ 31. Kh2 Nxc3 32. f3 Red8 33. Bd2
Rxd7 34. Bxc3 Nd4 35. Kg3 Ne2+ 0-1

[Event "Oberschwaben-chB"]
[Site "Markdorf"]
[Date "2009.05.23"]
[Round "5.3"]
[White "Schneider, Thomas"]
[Black "Jäckel, Thomas"]
[Result "0-1"]
[WhiteElo "1695"]
[BlackElo "1853"]
[PlyCount "98"]
[EventDate "2009.??.??"]
[WhiteTeam "SF Ravensburg"]
[BlackTeam "SC Lindau"]

1. d4 Nf6 2. c4 g6 3. Nc3 Bg7 4. e4 d6 5. Nge2 O-O 6. Ng3 e5 7. d5 a5 8. Be2
Na6 9. Be3 Ne8 10. O-O f5 11. f4 Qh4 12. exf5 gxf5 13. Nh5 e4 14. Nxg7 Nxg7 15.
g3 Qh6 16. Kh1 Bd7 17. Rg1 Rae8 18. g4 Re7 19. gxf5 Bxf5 20. Rg5 Bg6 21. Qg1
Rf5 22. Bg4 Rxg5 23. fxg5 Qh4 24. Bf2 Qxg5 25. Be3 Qe5 26. Bd4 Qf4 27. Rf1 Qd2
28. Rf2 Qd3 29. Be2 Qh3 30. Bg4 Qh6 31. Be3 Qh4 32. Rg2 Kh8 33. Bc8 Re8 34. Bg5
Qh5 35. Bd7 Rf8 36. Be7 Rf7 37. Bg4 Qe5 38. Bh4 Nc5 39. Bg3 Qe7 40. Be2 Nf5 41.
Be1 Nd3 42. Bd2 Qe5 43. Bh5 Nh4 44. Bxg6 Nxg6 45. Be3 Qf5 46. Ne2 Qf1 47. Bd4+
Kg8 48. h4 Kf8 49. Rg4 Qh3+ 0-1

[Event "Oberschwaben-chB"]
[Site "Markdorf"]
[Date "2009.05.23"]
[Round "5.4"]
[White "Meger, Wilfried"]
[Black "Lewandowski, Tadeus"]
[Result "1/2-1/2"]
[WhiteElo "1812"]
[BlackElo "1688"]
[PlyCount "139"]
[EventDate "2009.??.??"]
[WhiteTeam "SF Mengen"]
[BlackTeam "SF Ravensburg"]

1. d4 f5 2. e4 fxe4 3. Nc3 Nf6 4. Bg5 c6 5. Bxf6 exf6 6. Nxe4 Qe7 7. Qe2 d5 8.
Nd6+ Kd7 9. Nxc8 Kxc8 10. Qxe7 Bxe7 11. Bd3 g6 12. Nf3 Re8 13. O-O Nd7 14. Rfe1
Nf8 15. Re3 Kd7 16. Rae1 Bd6 17. g3 Rxe3 18. Rxe3 Re8 19. Rxe8 Kxe8 20. h4 Ne6
21. c3 b5 22. h5 Kf7 23. hxg6+ hxg6 24. Nh4 f5 25. Kg2 Kf6 26. f4 Bxf4 27. Nf3
Bc1 28. b3 Bb2 29. Ne5 Nd8 30. c4 Bxd4 31. Nf3 bxc4 32. bxc4 dxc4 33. Bxc4 c5
34. Bd5 Ne6 35. Nd2 Ke5 36. Bb7 Ng5 37. Nc4+ Kf6 38. a4 Ne4 39. Kf3 Ng5+ 40.
Kg2 Ne6 41. Kf3 g5 42. a5 g4+ 43. Kg2 Be5 44. a6 Bc7 45. Kf2 Kg5 46. Bc8 Nd4
47. Bd7 f4 48. gxf4+ Kxf4 49. Bc8 g3+ 50. Kf1 Nc2 51. Nb2 Ne3+ 52. Kg1 c4 53.
Bb7 Be5 54. Na4 c3 55. Nc5 Ng4 56. Nd3+ Ke3 57. Nb4 Kd2 58. Be4 Ne3 59. Nc6 Nc4
60. Kg2 c2 61. Bxc2 Kxc2 62. Nxa7 Ne3+ 63. Kg1 Bd4 64. Nc6 Bb6 65. a7 Bxa7 66.
Nxa7 Ng4 67. Kg2 Kd3 68. Kf3 Kd2 69. Nc6 Ke1 70. Kg2 1/2-1/2

[Event "Oberschwaben-chB"]
[Site "Markdorf"]
[Date "2009.05.23"]
[Round "5.5"]
[White "Nuber, Reinhard"]
[Black "Fichtl, Xaver"]
[Result "1/2-1/2"]
[WhiteElo "1742"]
[BlackElo "1809"]
[PlyCount "69"]
[EventDate "2009.??.??"]
[WhiteTeam "Sabt TSV 1880 Neu-Ulm"]
[BlackTeam "SC Lindau"]

1. d4 d5 2. c4 e6 3. Nc3 f5 4. cxd5 exd5 5. Nf3 Nf6 6. Bg5 c6 7. e3 Be7 8. Bd3
O-O 9. O-O Ng4 10. Bxe7 Qxe7 11. a3 Nd7 12. b4 a6 13. Rc1 b5 14. Ne2 Bb7 15.
Rc3 Nb6 16. h3 Nh6 17. Ne5 Nc4 18. Qc1 Rad8 19. f4 Rd6 20. Rf3 Kh8 21. Rg3 Bc8
22. Qe1 Rg8 23. Rg5 g6 24. Qf2 Nf7 25. Rg3 h5 26. Bc2 Rg7 27. Rf3 Bd7 28. h4
Nd2 29. Rh3 Ne4 30. Bxe4 fxe4 31. Rh2 Nh6 32. g3 Be8 33. Nc1 Rf6 34. Qe1 Qa7
35. Nb3 1/2-1/2

[Event "Oberschwaben-chB"]
[Site "Markdorf"]
[Date "2009.05.23"]
[Round "5.6"]
[White "Baron, Sven"]
[Black "Oberndörfer, Frank"]
[Result "1/2-1/2"]
[WhiteElo "1688"]
[BlackElo "1785"]
[PlyCount "59"]
[EventDate "2009.??.??"]
[WhiteTeam "SC Wangen"]
[BlackTeam "SF Wetzisreute"]

1. e4 g6 2. d4 Bg7 3. c4 Nc6 4. Nf3 e5 5. Bd3 d6 6. d5 Nce7 7. Nc3 f5 8. g3 Nf6
9. Qc2 O-O 10. Be2 fxe4 11. Nxe4 Nf5 12. Bg5 h6 13. Bxf6 Bxf6 14. O-O-O Bg7 15.
c5 Rb8 16. Rd3 Qe7 17. Rc3 Nd4 18. Nxd4 exd4 19. cxd6 cxd6 20. Rc7 Qd8 21. Bd3
Bf5 22. f4 Rc8 23. Rxc8 Bxc8 24. Kb1 Qa5 25. Nxd6 Bf5 26. Nxf5 gxf5 27. Rc1 Kh8
28. Bxf5 Qxd5 29. Be4 Qh5 30. Bd3 1/2-1/2

[Event "Oberschwaben-chB"]
[Site "Markdorf"]
[Date "2009.05.23"]
[Round "5.7"]
[White "Benkö, Florian"]
[Black "Leser, Alfred"]
[Result "1/2-1/2"]
[WhiteElo "1683"]
[BlackElo "1782"]
[PlyCount "57"]
[EventDate "2009.??.??"]
[WhiteTeam "SC Tettnang"]
[BlackTeam "SF Mengen"]

1. Nc3 e5 2. d4 exd4 3. Qxd4 Nc6 4. Qa4 Bb4 5. Bd2 a6 6. Nf3 Nge7 7. a3 b5 8.
Qb3 Bc5 9. Nd5 Bb7 10. Bg5 h6 11. Nxe7 Bxe7 12. Bxe7 Qxe7 13. Qc3 O-O 14. e3 f5
15. Bd3 f4 16. O-O fxe3 17. Rae1 Rxf3 18. gxf3 Ne5 19. Rxe3 Nxf3+ 20. Rxf3 Bxf3
21. Bc4+ bxc4 22. Qxf3 c6 23. Qc3 d5 24. Re1 Qf7 25. Kf1 Rf8 26. Qe3 Kh8 27.
Re2 Qc7 28. Kg1 c5 29. Qe6 1/2-1/2

[Event "Oberschwaben-chB"]
[Site "Markdorf"]
[Date "2009.05.23"]
[Round "5.8"]
[White "Scherbaum, Guenter"]
[Black "Rauscher, Benjamin"]
[Result "1-0"]
[WhiteElo "1804"]
[BlackElo "1571"]
[PlyCount "63"]
[EventDate "2009.??.??"]
[WhiteTeam "SC Lindau"]
[BlackTeam "SK Markdorf"]

1. e4 c5 2. Nf3 b6 3. d4 cxd4 4. Nxd4 Bb7 5. Nc3 e6 6. Be3 Ne7 7. Qd2 Nbc6 8.
O-O-O Nxd4 9. Bxd4 Nc6 10. Be3 Bb4 11. Bb5 Qe7 12. Rhe1 Rd8 13. f4 O-O 14. Kb1
Qh4 15. g3 Qh5 16. e5 f6 17. g4 Qf7 18. a3 Be7 19. g5 fxe5 20. Rf1 exf4 21.
Bxf4 Qe8 22. Bd6 Rxf1 23. Rxf1 Bxd6 24. Qxd6 a6 25. Bd3 g6 26. Ne4 Qe7 27. Nf6+
Kg7 28. Qg3 Rh8 29. Qh4 h5 30. Qe4 Rf8 31. Qxg6+ Kh8 32. Qxh5+ 1-0

[Event "Oberschwaben-chB"]
[Site "Markdorf"]
[Date "2009.05.23"]
[Round "5.9"]
[White "Stadelmayer, Bernd"]
[Black "Kitzelmann, Stefan"]
[Result "1-0"]
[WhiteElo "1704"]
[BlackElo "1335"]
[PlyCount "91"]
[EventDate "2009.??.??"]
[WhiteTeam "SK Leutkirch"]
[BlackTeam "SC Wangen"]

1. d4 f5 2. Nf3 e6 3. g3 Nf6 4. Bg2 Be7 5. c4 O-O 6. d5 d6 7. O-O e5 8. Nc3
Nbd7 9. Re1 Nc5 10. b4 Nce4 11. Nxe4 Nxe4 12. Nd2 Nxd2 13. Bxd2 f4 14. f3 fxg3
15. hxg3 Qe8 16. Be3 Qg6 17. Bf2 Bg5 18. a3 Bf5 19. e4 Bd7 20. Qb3 Rf7 21. c5
Raf8 22. Ra2 c6 23. cxd6 cxd5 24. exd5 b6 25. Rxe5 Rc8 26. Rae2 Rc1+ 27. Re1
Qc2 28. Qxc2 Rxc2 29. Rxg5 Rf6 30. Bd4 Rxd6 31. Rxg7+ Kf8 32. f4 Bb5 33. Rxh7
Rg6 34. Kh2 Be2 35. Be5 Bf3 36. Rg1 Bxd5 37. Rh5 Kf7 38. Kh3 Be6+ 39. g4 Bd7
40. Be4 Ra2 41. Bxg6+ Kxg6 42. Rg3 b5 43. f5+ Kf7 44. Rh7+ Ke8 45. Rc3 Re2 46.
Bg3 1-0

[Event "Oberschwaben-chB"]
[Site "Markdorf"]
[Date "2009.05.23"]
[Round "5.10"]
[White "Hörsch, Florian"]
[Black "Rünz, Wilfried"]
[Result "1-0"]
[WhiteElo "1535"]
[BlackElo "1657"]
[PlyCount "62"]
[EventDate "2009.??.??"]
[WhiteTeam "SAbt TSV Langenau"]
[BlackTeam "SK Leutkirch"]

1. e4 c6 2. d4 d5 3. exd5 cxd5 4. c4 Nf6 5. Nc3 Nc6 6. Nf3 dxc4 7. Bxc4 e6 8.
O-O Be7 9. Bg5 O-O 10. Re1 Na5 11. Bd3 b6 12. Bc2 Bb7 13. Qd3 g6 14. Ne5 Nh5
15. Bxe7 Qxe7 16. g3 Rad8 17. Bd1 Nf6 18. Bf3 Bxf3 19. Nxf3 Nd5 20. a3 Nb7 21.
Rac1 Nxc3 22. Qxc3 Qd6 23. Qc6 Qxc6 24. Rxc6 Rc8 25. Rec1 Nd6 26. R6c3 Rxc3 27.
Rxc3 Rd8 28. Rc7 a5 29. Ne5 Kg7 30. a4 Rf8 31. Rc6 Rd8 1-0

[Event "Oberschwaben-chB"]
[Site "Markdorf"]
[Date "2009.05.23"]
[Round "5.11"]
[White "Krämer, Markus"]
[Black "Funk, Markus"]
[Result "1-0"]
[WhiteElo "1863"]
[BlackElo "1649"]
[PlyCount "113"]
[EventDate "2009.??.??"]
[WhiteTeam "SC Tettnang"]
[BlackTeam "SV Friedrichshafen"]

1. Nc3 d5 2. e4 dxe4 3. Nxe4 e6 4. Nf3 Nf6 5. Ng3 Nc6 6. d4 Be7 7. c3 Bd7 8.
Bd3 b6 9. O-O Na5 10. Ne5 c5 11. dxc5 bxc5 12. Nxd7 Qxd7 13. Qe2 O-O 14. Rd1
Qc7 15. Bg5 c4 16. Bc2 Rad8 17. Re1 Nb7 18. Nf5 Nd6 19. Nd4 Rfe8 20. Ba4 Nd7
21. Bxe7 Rxe7 22. Nc6 Ree8 23. Nxd8 Rxd8 24. Rad1 Nb6 25. Bc2 Nd5 26. Rd4 g6
27. f3 Qb6 28. Qf2 Qxb2 29. Be4 Qxf2+ 30. Kxf2 Nb5 31. Rxc4 Ndxc3 32. a4 Rd2+
33. Kg3 Nxe4+ 34. fxe4 Nd6 35. Rb4 a5 36. Rb8+ Kg7 37. Ra8 Rd4 38. Rxa5 Nxe4+
39. Kf3 f5 40. Ra1 g5 41. Ra7+ Kf6 42. Rxh7 Nd2+ 43. Ke3 Nb3 44. Ra3 Re4+ 45.
Kf2 Na5 46. g3 g4 47. Ra7 Re5 48. Re3 Rc5 49. Ra6 Nc6 50. Re2 Kf7 51. Rb2 Rc3
52. Rab6 Rf3+ 53. Kg2 Na5 54. Re2 Ra3 55. Rbxe6 Rxa4 56. Ra6 Ra3 57. Rf2 1-0

[Event "Oberschwaben-chB"]
[Site "Markdorf"]
[Date "2009.05.23"]
[Round "5.12"]
[White "Betzen, Wolfgang"]
[Black "Kromer, Thomas"]
[Result "0-1"]
[WhiteElo "1850"]
[BlackElo "1640"]
[PlyCount "96"]
[EventDate "2009.??.??"]
[WhiteTeam "SC Wangen"]
[BlackTeam "SF Riedlingen"]

1. Nf3 Nf6 2. b3 d6 3. d4 c5 4. d5 g6 5. Bb2 Bg7 6. e4 O-O 7. Bd3 b5 8. O-O Qb6
9. Na3 a6 10. c4 b4 11. Nc2 a5 12. Nd2 e5 13. Be2 Ra7 14. Bf3 h6 15. Ne3 Nh7
16. Bg4 Nd7 17. Rb1 Qd8 18. g3 Ndf6 19. Qe2 Nxg4 20. Nxg4 Qg5 21. f3 f5 22. Nf2
f4 23. g4 h5 24. Kh1 Nf6 25. Rg1 Qh4 26. Rg2 hxg4 27. fxg4 g5 28. Nf3 Qh6 29.
Qc2 Nh7 30. Bc1 Bf6 31. Bd2 Bd7 32. Rgg1 Rf7 33. Ra1 a4 34. Kg2 a3 35. h3 Nf8
36. Be1 Ng6 37. Nd3 Qh8 38. Rd1 Rh7 39. Rh1 Bxg4 40. Nf2 Bh5 41. Nd3 Bxf3+ 42.
Kxf3 Rxh3+ 43. Rxh3 Qxh3+ 44. Ke2 g4 45. Nf2 Qf3+ 46. Kf1 Rh7 47. Kg1 Qg3+ 48.
Kf1 f3 0-1